000 00299nam a22001337a 4500
020 _qP.B
040 _cFIZZA ISHAQ
082 _a005.133
_bJER
100 _aHANLY, J.,R.
_955378
245 _aPROBLRM SOLVING /
260 _aNEW DEHLI :
_bPEARSON,
_c2004.
300 _a879 P. ;
942 _2ddc
_cBK
999 _c566229
_d566229